La selección natural y la termodinámica en la evolución biológica : del origen de la vida al cáncer /

保存先:
書誌詳細
第一著者: Meléndez-Hevia, Enrique (autor)
フォーマット: 図書
言語:スペイン語
シリーズ:(Publicaciones Institucionales. Lecciones Inaugurales ; 4)
主題:
タグ: タグ追加
タグなし, このレコードへの初めてのタグを付けませんか!

MARC

LEADER 00000nam^a2200000^a^4500
001 000146467
005 20250521000000.0
009 20260310095911.744
020 |a 84-7756-513-9 
037 |a Acervo ITESO - Biblioteca 
041 |a ESP 
082 |a 575. 0165  |b MEL 
100 |a Meléndez-Hevia, Enrique  |e (autor) 
245 1 3 |a La selección natural y la termodinámica en la evolución biológica :  |b del origen de la vida al cáncer /  |c E. Meléndez-Hevia. 
264 |a Santa Cruz de Tenerife, España :  |b Universidad de La Laguna,  |c 2001, 
300 |a 88 p. 
336 |a texto  |b txt  |2 rdacontenido 
337 |a sin mediación  |b n  |2 rdamedio 
338 |a volumen  |b nc  |2 rdasoporte 
440 1 |a (Publicaciones Institucionales.  |p Lecciones Inaugurales ;  |v 4) 
649 |a XX 
650 |a Biólogos Españoles -  |x Discursos 
650 |a Evolución 
650 |a Genética 
650 |a Herencia (Biología) 
650 |a Selección Natural 
650 |a Origen de las Especies 
650 |a Hombre -  |x Origen 
650 |a Biología 
650 |a Cáncer 
650 |a Tumores 
650 |a Medicina 
650 |a Termodinámica 
650 |a Temperatura 
650 |a Calor 
650 |a Física 
910 |a Fondo General 
920 |a Impresos - Libros 
930 |a Colección General 
905 |a 101 
901 |a 0500076039  |b IT1  |c ACC  |u 20250521 
902 |a https://opac.biblio.iteso.mx/vufind/Record/000146467